| 000 | 00000nam 2200000zi 4500 |
| 001 | 9.939567 |
| 003 | CaOODSP |
| 005 | 20250818120101 |
| 006 | m o d f |
| 007 | cr cn||||||||| |
| 008 | 240620t20242024oncao o f000 0 fre d |
| 020 | |a9780660724409 |
| 040 | |aCaOODSP|bfre|erda|cCaOODSP |
| 043 | |an-cn-ab |
| 086 | 1 |aA59-95/2024F-PDF |
| 245 | 00|aCentre de recherche et de développement de Lethbridge. |
| 264 | 1|a[Ottawa] : |bAgriculture et agroalimentaire Canada = Agriculture and Agri-Food Canada, |c[2024] |
| 264 | 4|c©2024 |
| 300 | |a1 ressource en ligne (1 page non numérotée) : |billustrations, photographies |
| 336 | |atexte|btxt|2rdacontent/fre |
| 337 | |ainformatique|bc|2rdamedia/fre |
| 338 | |aressource en ligne|bcr|2rdacarrier/fre |
| 500 | |aTitre de la couverture. |
| 500 | |aPublié aussi en anglais sous le titre : Lethbridge Research and Development Centre. |
| 520 | |a« Le Centre de recherche et de développement de Lethbridge a été établi en 1906 à Lethbridge, en Alberta. Étant l'une des installations de recherche les plus historiques et les plus importantes d'Agriculture et Agroalimentaire Canada, elle dispose d'un large éventail d'expertise et de divers domaines de recherche. Le Centre dispose d'un site satellite : la Ferme expérimentale de Vauxhall » -- Page [1]. |
| 530 | |aÉgalement publié en version imprimée. |
| 610 | 16|aCanada. |bAgriculture et agroalimentaire Canada. |
| 650 | 6|aAgriculture|xRecherche|zAlberta. |
| 650 | 6|aCentres de recherche|zAlberta|zLethbridge. |
| 710 | 1 |aCanada. |bAgriculture et agroalimentaire Canada, |eorganisme de publication. |
| 775 | 08|tLethbridge Research and Development Centre.|w(CaOODSP)9.939564 |
| 776 | 0#|tCentre de recherche et de développement de Lethbridge.|w(CaOODSP)9.939569 |
| 856 | 40|qPDF|s610 Ko|uhttps://publications.gc.ca/collections/collection_2025/aac-aafc/A59-95-2024-fra.pdf |
| 986 | |a13228F |